000 00946cam a22002294a 4500
005 20250605163928.0
008 250528s ||||||||||||||||||||||||d
035 _a14604
020 _a155001035
040 _aGR-AtMCL
_bgre
_dGR-AtMCL
_eAACR2
245 1 _aSensation and Perception / Fourth Edition
250 _a4th
260 _bHarcourt Brace College Publishers,
_c1994
300 _a758
520 _aPreface, Sensation and Perception, Psychophysics, The Visual System, Brightness and Spatial Frequency, Color, The Auditory System, Hearing, Taste and Smell, Touch and Pain, Space, Form, Speech and Music, Time and Motion, The Constancies, Attention, Development, Learning and Experience, Individual Differences, Primer of Neurophysiology, References, Author and Subject Index.
700 1 _aCoren Stanley
_9329
700 1 _aEnns James T
_9330
700 1 _aWard Lawrence M
_9331
942 _cBK
999 _c228
_d228